000 00217nam a2200097Ia 4500
008 230605s9999 xx 000 0 und d
041 _aeng
100 _avaz
245 _aOrganisational behavior (
650 _aOrganiz.
999 _c417338
_d417338